Fundamentálna analýza akcií s aplikovaním na spoločnosti BMW AG a Volkswagen AG bakalárska práca

Uložené v:
Podrobná bibliografia
Hlavný autor: Rufus, Marek
Korporativný autor: Fakulta podnikového manažmentu EU. Katedra podnikových financií
Ďalší autori: Mikloš, Miroslav, 1975-
Médium: Kniha
Jazyk:Slovak
Vydavateľské údaje: Bratislava 2009
Tagy: Pridať tag
Žiadne tagy, Buďte prvý, kto otaguje tento záznam!

MARC

LEADER 00000nam$a2200000$$$4500
001 0102908
005 20240319124535.5
041 0 |a slo 
044 |a SK 
245 1 0 |a Fundamentálna analýza akcií s aplikovaním na spoločnosti BMW AG a Volkswagen AG  |b bakalárska práca  |c Marek Rufus ; škol. Miroslav Mikloš 
264 1 |a Bratislava  |c 2009 
300 |a 38 s. 
100 1 |a Rufus, Marek 
700 1 |a Mikloš, Miroslav, 1975- 
710 2 |a Fakulta podnikového manažmentu EU. Katedra podnikových financií